000 01458nam a22003977a 4500
003 CHAP
005 20220329133958.0
008 971013s1978 r 00010 d
010 _a13543
011 _a14515
035 _a18589
040 _cCHAP
090 _aTesis
100 0 0 _aBecerra Leor, Enrique Noé.
_911136
245 _aRelación del nemátodo enquistado del máiz Punctodera chalcoensis (Stone, Sosa Moss y Mulvey) con otros microorganismos fitopatógenos del suelo
260 _aChapingo, Méx. :
_bEl autor,
_c1978
300 _a81 h.
_b: ilus.
502 _aTesis (M.C. Esp. en Fitopatología) -- SARH. Colegio de Pstgraduados. Rama de Fitopatología
590 _aALEPH
_b10
_c20130110
_lUCH01
_h1233
590 _aBATCH-UPD
_b10
_c20130110
_lUCH01
_h0056
590 _aBATCH-UPD
_b10
_c20130110
_lUCH01
_h1708
590 _aBATCH-UPD
_b10
_c20130409
_lUCH01
_h2044
590 _aBATCH-UPD
_b10
_c20130410
_lUCH01
_h1054
590 _aBATCH-UPD
_b10
_c20130914
_lUCH01
_h0518
590 _aCONVERSION
_b10
_c20130109
_lUCH01
_h1309
650 1 4 _aBacterias fitopatógenas.
_99326
650 1 4 _aHongos fitopatógenos.
_956132
650 1 4 _aHongos fitopatógenos.
_956132
650 1 4 _aMaíz
_xEnfermedades.
_970939
650 1 4 _aPunctodera chalcoensis.
_993023
901 _aBK
942 _cFOLL
949 _bBC
_cTES
_d-43344
_eTS1
_i18589
_si
949 _bBC
_cTES
_d-43345
_eTS2
_fc.2
_i18589
_si
949 _bBC
_cTES
_d-43346
_eTS2
_fc.3
_i18589
_si
999 _c13543
_d13543